000 00476nam a2200181Ia 4500
008 090124s9999 xx 000 0 und d
082 _b34864
100 _aराजे शैलजा
245 _a आशा
250 _a1
260 _bनवचैतन्य प्रकाशन
_c1998
300 _a172
600 _aराजे शैलजा
630 _a आशा
700 _aराजे शैलजा
730 _a आशा
942 _cBOOK
999 _c100792
_d100792